| 000 | 01473cam a22004574i 4500 | ||
|---|---|---|---|
| 003 | PE-LiUPU | ||
| 005 | 20250731173106.0 | ||
| 008 | 150623s r 000 0 d | ||
| 020 | _a157312155X | ||
| 035 | _a(Sirsi) i9781573121552 | ||
| 040 |
_aPE-LiUPU _bspa _cPE-LiUPU _erda |
||
| 049 | _aPRUA | ||
| 082 | 0 | 4 |
_a248.86 _bM28 _221 |
| 100 | 1 |
_aMatthews, C. David, _eautor. |
|
| 245 | 1 | 0 |
_aCrashing without burning life after failure / _cC. David Matthews. |
| 264 | 1 |
_aMacon, Georgia : _bPeake Road, _c1997. |
|
| 300 |
_a114 páginas ; _c24 centímetros |
||
| 336 |
_atext _2rdacontent |
||
| 337 |
_aunmediated _2rdamedia |
||
| 338 |
_avolume _2rdacarrier |
||
| 504 | _aIncluye bibliografía. | ||
| 505 | 0 | _aLiving in the ruins. -Rethinking the world. -The inner promised land. | |
| 526 | _aSEG42 | ||
| 526 | _aSEG41 | ||
| 526 | _aSEG40 | ||
| 526 | _aSEG39 | ||
| 526 | _aP94 | ||
| 526 | _aP87 | ||
| 526 | _aP86 | ||
| 526 | _aP85 | ||
| 526 | _aP77 | ||
| 526 | _aP76 | ||
| 526 | _aP35 | ||
| 650 | 0 | 4 |
_aAflicción _xCristianismo. |
| 942 |
_2ddc _cBOOK |
||
| 949 |
_a248.86 M28 _wDEWEY _c1 _i49485 _lCCODEBUL1 _mBUL _r0 _sY _tBOOK _u2015-6-24 _xTEOLOGIA _PP35 _0COMPRA _o.STAFF. Colección General |
||
| 994 |
_aC0 _bPEPRU |
||
| 596 | _a1 | ||
| 999 |
_a248.86 M28 _wDEWEY _c30176 _i49485 _f2021-11-10 _g5 _lCCODEBUL1 _mBUL _r0 _sY _tBOOK _u2015-6-24 _xTEOLOGIA _PP35 _0COMPRA _o.STAFF. Colección General _d30176 |
||
| 980 |
_81 _gALBERTO SANCHEZ Responsable de Automatización |
||